[Event "Olympiad-42"]
[Site "Baku"]
[Date "2016.09.04"]
[Round "3.1"]
[White "Mamedyarov, Shakhriyar"]
[Black "Rapport, Richard"]
[Result "1-0"]
[WhiteElo "2761"]
[BlackElo "2752"]
[Annotator "Moradiabadi,E"]
[PlyCount "95"]
[EventDate "2016.09.02"]
[EventType "team-swiss"]
[EventRounds "11"]
[EventCountry "AZE"]
[SourceTitle "CBM 175"]
[Source "ChessBase"]
[SourceDate "2016.11.10"]
[SourceVersion "1"]
[SourceVersionDate "2016.11.10"]
[SourceQuality "1"]
[WhiteTeam "Azerbaijan"]
[BlackTeam "Hungary"]
[WhiteTeamCountry "AZE"]
[BlackTeamCountry "HUN"]

1. d4 {Shakhriyar Mamedyarov is known among chess players for his flamboyant
attacking style, creativity and original approach to the royal game. In this
game, he faced another original and attacking player, Super-GM Richard Rapport,
whose uncompromising approach has brought him brilliant results. All these are
indicative of a tense and exciting battle.} d5 2. c4 c6 3. cxd5 $5 {An
interesting choice after some thought! What is Mamedyarov up to?!} cxd5 4. Nc3
Nf6 5. Bf4 {} Nc6 {} 6. e3 Bf5 (6... a6 {is another well-probed continuation.
} 7. Bd3 Bg4 8. Nge2 e6 9. Rc1 (9. O-O) 9... Be7 (9... Bd6 10. f3 Bh5 11. O-O
Bg6 12. Na4 O-O 13. Bxg6 hxg6 14. Qb3 Na5 15. Qc3 Bxf4 16. Nxf4 Rc8 17. Qb4 Rc4
18. Rxc4 Nxc4 19. Qc3 g5 20. Ne2 g4 21. Nc5 gxf3 22. gxf3 Nh5 23. Nxb7 Qg5+ 24.
Kf2 Qh4+ 25. Kg2 Qg5+ 26. Kf2 Qh4+ 27. Kg2 Rb8 28. b3 Qg5+ 29. Kf2 Qh4+ 30. Kg2
Qg5+ 31. Kf2 Qh4+ {1/2-1/2 (31) Nakamura,H (2764)-Mamedyarov,S (2764) Baku 2014
}) 10. O-O Bh5 11. Na4 Nd7 12. Qb3 Na5 13. Qc3 Nc6 14. Bg3 Rc8 15. a3 Bg6 16.
Nf4 Bxd3 17. Nxd3 O-O 18. Ndc5 Na5 19. b4 Nxc5 20. bxc5 Nc4 21. Qb3 Qd7 22. Nb6
Nxb6 23. Qxb6 Rc6 24. Qa7 e5 25. Rb1 Qf5 26. Qxb7 Re6 27. c6 Bd6 28. dxe5 Bxa3
29. Qxa6 Be7 30. Qb7 Bg5 31. c7 Ree8 32. Qxd5 {1-0 (32) Landa,K (2613)
-Svetushkin,D (2561) Mulhouse 2011}) 7. Qb3 {This move leads to some
complications. In most of the games in this line, White has just a small edge
but Black does not have so much counterplay.} Na5 8. Qa4+ {} Bd7 9. Qd1 {}
Rc8 {A rare move by Rapport. Nevertheless, different move orders tend to
transpose positions to one another due to the restricted number of choices in
this position.} (9... e6 10. Bd3 Rc8 11. Nf3 (11. Nge2 Be7 12. O-O Nc4 {
and Black is more than 'just fine'.}) 11... Nc4 12. Qe2 {transposes to the
game.}) 10. Nf3 e6 11. Bd3 {} Nc4 {} 12. Qe2 {} Qa5 (12... Bb4 13. Bxc4 $5
Bxc3+ 14. bxc3 Rxc4 15. O-O O-O (15... Qc8 16. Ne5 $146 (16. Qb2 O-O 17. Rfc1
Ne4 18. Ne5 Rc7 19. f3 Nxc3 20. Rxc3 Rxc3 21. Nxd7 Re8 22. Nc5 Rc4 23. Nxb7 Rc2
24. Qb5 a6 25. Qa4 Rc4 26. Qb3 Rc1+ 27. Rxc1 Qxc1+ 28. Kf2 Qd2+ 29. Kg3 f6 30.
Bc7 Qe1+ 31. Kh3 g5 32. Bg3 Qe2 33. Qa4 Re7 34. Qb4 g4+ 35. Kh4 Qxe3 36. f4 Re8
37. Qd6 Qe4 38. Qd7 Rf8 39. Nc5 Qxg2 40. Qxe6+ Kh8 41. Qxg4 Qc2 42. Qh5 Rg8 43.
Qxd5 Qd1 44. Qe6 Rg6 45. Qc8+ Rg8 46. Qe6 Rg6 47. Qe8+ Rg8 48. Qh5 Qxd4 49. Kh3
Rc8 50. Ne6 Qd3 51. Kh4 Qe4 52. Qf7 Qg6 53. Qxg6 hxg6 54. Kg4 Rc4 55. Bh4 Kg8
56. Kf3 Kf7 57. Nd8+ Ke7 58. Nb7 Rc2 59. a4 Rc4 60. Bf2 Rxa4 61. h4 f5 62. Nc5
Ra3+ 63. Ke2 Ra2+ 64. Ke3 a5 65. Be1 a4 66. Bb4 Kf7 67. Nd3 Kg7 68. Kd4 Kh6 69.
Kc3 Kh5 70. Be7 Re2 71. Ne5 Re4 72. Bg5 Re3+ 73. Kb2 Rg3 74. Ka2 Rb3 75. Nd7
Kg4 76. Nc5 Rb4 77. Nd3 Rb6 78. Ne5+ Kg3 79. Ka3 Ra6 80. Nd3 Rd6 81. Nc5 Rd4
82. Ne6 Rd6 83. Nc5 Rc6 84. Nd7 Ra6 85. Ne5 Kf2 86. Nd3+ Kf3 87. Nb2 Re6 88.
Nc4 Ra6 89. Kb4 Ke4 90. Ka3 Kd5 91. Ne5 Kc5 92. Be7+ Kb5 93. Bf8 Re6 94. Kb2
Rf6 95. Ba3 Rb6 96. Kc3 Ka6 97. Bb4 Kb5 98. Bf8 Ra6 99. Ba3 Ra7 100. Kd4 Rg7
101. Kd5 Rh7 102. Nxg6 Rh6 103. Ne7 Rxh4 104. Nxf5 Rxf4 105. Nd6+ Ka6 106. Kc5
Rf3 107. Nc4 Rb3 108. Bb4 Rb1 109. Ba3 Rb3 {1/2-1/2 (109) Lei,T (2450)-Gunina,
V (2548) Ningbo 2015}) 16... Ra4 17. Rab1 O-O 18. Rfc1 (18. Qc2 b6 $11) 18...
b6 19. h4 Qa6 20. Qxa6 Rxa6 21. c4 dxc4 22. Bg5 Be8 23. Bxf6 gxf6 24. Nxc4 Rxa2
25. Nd6 Ba4 26. Rc7 Bc2 27. Rb4 Bd3 28. d5 $1 {with a complex but balanced
position.}) 16. Ne5 Rc8 17. Bg5 Qc7 18. Bxf6 gxf6 19. Ng4 Qd8 $13) 13. Bxc4
Rxc4 14. O-O {} Bb4 {} 15. Ne5 {} Rc8 {} 16. Qf3 $146 {An interesting move
which artificial intelligence is fond of!} (16. Rfc1 Bxc3 17. bxc3 Bb5 18. Qb2
Nh5 19. a4 Ba6 20. Qb4 Qd8 21. a5 f6 22. Qa4+ Ke7 23. Qb4+ Ke8 24. Nf3 Rc4 25.
Qb2 Nxf4 26. exf4 Qc7 27. g3 Kf7 28. Nd2 Rc6 29. Nb3 Bc4 30. Nc5 b6 31. axb6
axb6 32. Na6 Bxa6 33. Rxa6 Rc8 34. Kg2 Rxc3 35. Rxc3 Qxc3 36. Ra7+ Kg8 37. Qe2
Qc6 38. f5 e5 39. dxe5 d4+ 40. Kh3 d3 41. Qh5 Kh8 42. e6 d2 43. Rd7 Qb5 44. Kg2
Qc6+ 45. Qf3 Qxf3+ 46. Kxf3 Kg8 47. Ke2 Kf8 48. Rf7+ Kg8 49. Rb7 h5 50. Kxd2
Kf8 51. h3 Rc5 52. g4 Rb5 53. Rb8+ Ke7 54. Rg8 Rb2+ 55. Kc3 Rxf2 56. Rxg7+ Kd6
57. Rd7+ Kc6 58. Rd2 {1-0 (58) Li,C (2721)-Nguyen,N (2659) Ho Chi Minh City
2015}) 16... h6 {The engines suggest this move on depth 27! Nevertheless, this
is a logical move. White has the threat of Bg5. That simple' isn't it?
Nevertheless, now Black cannot castle due to Bxh6 tricks.} 17. Rfc1 Bxc3 {}
18. bxc3 {} Rxc3 19. g4 {Logical! White sacrificed a pawn and now he is
trying to capitalise on his superior development.} Bb5 (19... Qa3 $5 {After
this move a complex battle which requires several accurate moves arises:} 20.
Rxc3 Qxc3 21. Rb1 b6 22. g5 {would not have worked for White due to} (22. Qd1
Qa3 23. Qc1 (23. Rc1 O-O $15) 23... Qa4 24. Rb3 O-O 25. Ra3 Qb5 26. Rxa7 Rc8
27. Qd1 Qb2 28. Nxd7 Rc1 29. Ra8+ Kh7 30. Nf8+ Kg8 31. Nxe6+ Kh7 32. Nf8+ Kg8
$11) (22. Bxh6 Qc2 23. Re1 Rxh6 24. g5 Rh7 25. gxf6 Qe4 26. Qxe4 dxe4 27. fxg7
Rxg7+ 28. Kh1 f6 {with an equal but practically playable endgame.}) 22... hxg5
(22... Qc2 23. Re1 hxg5 24. Bxg5 Qe4 $15) 23. Bxg5 Qc2 24. Re1 Qe4 $15) 20. g5
hxg5 21. Bxg5 {} Rg8 $2 {Nimzowitsch would have loved this 'mysterious' rook
move. Unfortunately for Rapport, this original rook move is not only a waste
of time, it is a serious mistake!} (21... Qc7 22. Rxc3 Qxc3 23. Rb1 Ba6 24.
Bxf6 Qc2 25. Re1 gxf6 26. Qxf6 Rf8 {should have kept the balance, despite
White's unpleasant grip thanks to his knight on e5.}) 22. Kh1 $6 {This does
not throws away White's entire advantage but it misses a win!} (22. h4 Qc7 23.
Rxc3 Qxc3 24. Qd1 Be2 25. Rc1 Bxd1 26. Rxc3 Kd8 27. f3 $3 {with this fantastic
prophylactic move Black would be dead lost. I cannot blame Mamedyarov for
missing this move.} Ba4 28. Kf2 Be8 29. Ng4 Bc6 30. Nxf6 gxf6 31. Bxf6+ Kd7 32.
h5 $18) 22... Qc7 23. Rxc3 Qxc3 24. Rg1 Rf8 25. Bxf6 gxf6 {} 26. Qxf6 {
White is in full control and close to winning.} Bd3 27. h4 {} Be4+ {} 28. Kh2
{} Qc7 {} 29. h5 {} Bf5 30. h6 (30. Rg7 Qc2 31. Kg3 {seems simpler.}) 30...
Qc2 31. Qh4 {} Qe4 {} 32. Qxe4 (32. Ng4 $1 Bxg4 33. Rxg4 {wins on the spot.
Black does not have even a check!}) 32... Bxe4 33. Rg7 f6 {} 34. Ng6 {} Bxg6
{} 35. Rxg6 {} Rh8 36. Kg3 $1 {The king should be activated! Good technical
play by Mamedyarov.} Kf7 37. Rg7+ Kf8 {} 38. Rxb7 Rxh6 39. Rxa7 {As we saw,
'Shakh' could have won earlier in a number of occasions, nevertheless, he
managed to maintain his grip and as a result he now has a winning rook endgame.
Black's king is cut-off and White's extra pawn will prove decisive.} Rh1 40. a4
{} e5 {} 41. a5 {} Rg1+ 42. Kh2 {} (42. Kf3 {looks more normal to me!})
42... Ra1 43. a6 Ra3 44. Kg2 Ke8 45. dxe5 $1 {Mamedyarov finds the winning
plan!} fxe5 46. f4 d4 {} (46... exf4 47. exf4 d4 48. Ra8+ Kf7 49. a7 Kg7 50.
f5 d3 51. Kf2 Ra5 52. f6+ Kf7 53. Rh8 {and White wins!}) 47. exd4 exf4 {} 48.
d5 {A fine victory for Mamedyarov. His opening choice and the way he handled
the middlegame were exceptional. Rapport has only himself to blame for his 21..
.Rg8.} (48. d5 Kd8 (48... Rd3 49. Rh7) 49. d6 Ra4 50. Kf3 Kc8 51. Rc7+ Kb8 52.
a7+ Rxa7 53. Rxa7 Kxa7 54. d7 {and a primitive win for White}) 1-0

[Event "World Women-ch k.o."]
[Site "Teheran"]
[Date "2017.02.16"]
[Round "3.1"]
[White "Dzagnidze, Nana"]
[Black "Shen, Yang"]
[Result "1-0"]
[WhiteElo "2525"]
[BlackElo "2479"]
[Annotator "Moradiabadi,E"]
[PlyCount "69"]
[EventDate "2017.02.11"]
[EventType "k.o."]
[EventRounds "7"]
[EventCountry "IRI"]
[SourceTitle "CBM 177"]
[Source "ChessBase"]
[SourceDate "2017.03.16"]
[SourceVersion "1"]
[SourceVersionDate "2017.03.16"]
[SourceQuality "1"]

1. c4 c6 2. d4 d5 3. cxd5 cxd5 {And unexpected choice by Nana. Does it mean
that she just wants to make a draw? I believe that this is more of a good
psychological idea against Shen Yang.} 4. Bf4 Nf6 5. Nc3 Nc6 6. e3 a6 7. Bd3 {
The most accurate move order.} Bg4 8. Nge2 e6 9. O-O Be7 10. Rc1 Rc8 (10... O-O
11. Na4 Nd7 12. a3 e5 13. dxe5 Ndxe5 14. h3 Bh5 15. Bb1 Bf6 16. Qc2 Bg6 17. Qb3
$14 {1-0 (46) Sargissian,G (2686)-Laznicka,V (2679) Dubai 2014}) 11. Bg3 (11.
a3 {is the most common.} O-O 12. Na4 Nd7 13. b4 e5 14. dxe5 Ndxe5 15. h3 $14
Nxd3 16. Qxd3 Bxe2 17. Qxe2 d4 18. Rfd1 $14 {1/2-1/2 (72) Sargissian,G (2671)
- Artemiev,V (2524) Khanty-Mansiysk 2013}) 11... Bh5 12. f3 Bg6 13. Nf4 Bxd3
14. Nxd3 Nd7 15. Na4 O-O 16. Rf2 $146 (16. Qd2 Qa5 17. Qxa5 Nxa5 18. Kf2 f6 19.
Ke2 b5 20. Nac5 Nxc5 21. dxc5 Nc6 22. Rfd1 Rfd8 23. Bf2 Kf7 24. g4 e5 25. a3 a5
26. h3 Ke6 27. f4 g6 28. Bg3 Ra8 29. Rf1 b4 30. a4 e4 31. f5+ gxf5 32. Nf4+ Kf7
33. gxf5 d4 34. Ne6 Rg8 35. Rg1 d3+ 36. Kd2 Ra7 37. Bd6 Raa8 38. Rg4 Rxg4 {
1/2-1/2 (38) Adla,D (2492)-Dreev,A (2680) ICC INT 2000}) 16... Qa5 $6 {Shen
Yang mixes up the plans.} (16... Bg5 17. f4 Be7 18. Rfc2 Na7 19. b4 (19. Rxc8
Nxc8 20. Qb3 b6 21. Ne5 $14) 19... Rxc2 20. Rxc2 a5 21. a3 axb4 22. axb4 Nb5
23. Nac5 b6 24. Nxd7 Qxd7 25. Qc1 h6 26. h3 Ra8 27. Ne5 Qb7 28. Be1 Bd6 29. Qd1
Bxe5 30. fxe5 Na3 31. Rf2 Nc4 32. Rf3 Ra3 33. Bf2 Qa6 $19 {1-0 (48) Stefanova,
A (2486) -Ushenina,A (2501) Beijing 2013}) 17. a3 Bg5 $6 {This move is just a
waste of time in this position.} 18. f4 Be7 19. b4 Qb5 $6 {The third
inaccuracy - which gives White a huge advantage. Shen Yang is playing with
fire. Her queen is misplaced and White's advantage increases every other move.}
(19... Qd8 {was necessary so Black can still hope to hold.}) 20. f5 $1 {
This move is justified both tactically and strategically.} a5 $6 {This was
Black's last moment to stay in the game and Shen Yang lets it go with this
over-optimistic move.} (20... exf5 {loses to} 21. Nc3 Qb6 22. Nxd5 Qd8 23. Rxf5
) (20... Na7 {was necessary.}) 21. Nac5 $1 {Strong and effective. From here
onward, Nana does not give Black a second chance to come back.} Bxc5 22. Nxc5
Nf6 23. fxe6 fxe6 24. Nxe6 Rf7 25. Nxg7 $1 {A human way of delivering the full
point.} Kxg7 26. Rxf6 Rxf6 27. Qg4+ Kf7 28. Qxc8 axb4 29. Qd7+ Kg8 30. Qe8+ Rf8
31. Qe6+ Rf7 32. axb4 Nd8 33. Qg4+ Kf8 34. h3 Ke8 35. Bh4 {Dzagnidze's best
game so far.} 1-0

[Event "Moscow-ch"]
[Site "Moscow"]
[Date "2003.04.22"]
[Round "3.1"]
[White "Najer, Evgeniy"]
[Black "Amonatov, Farrukh"]
[Result "1-0"]
[WhiteElo "2606"]
[BlackElo "2558"]
[Annotator "Mueller,Karsten"]
[PlyCount "131"]
[EventDate "2003.04.20"]
[EventType "k.o."]
[EventRounds "5"]
[EventCountry "RUS"]
[SourceTitle "CBM 095"]
[Source "ChessBase"]
[SourceDate "2003.07.25"]
[SourceVersion "1"]
[SourceVersionDate "2003.07.25"]
[SourceQuality "1"]

1. d4 d5 2. c4 c6 3. Nc3 Nf6 4. e3 a6 5. Qc2 b5 6. b3 Bg4 7. Nge2 Nbd7 8. h3
Bh5 9. Nf4 Bg6 10. Nxg6 hxg6 11. Be2 e6 12. a3 Rc8 13. c5 g5 14. Bb2 g6 15.
O-O-O Bg7 16. Bd3 e5 17. Kb1 e4 18. Be2 Nf8 19. f3 exf3 20. Bxf3 Ne6 21. e4 g4
22. Be2 gxh3 23. Rxh3 Rxh3 24. gxh3 Kf8 25. e5 Nd7 26. Bg4 Qe7 27. Bc1 Rd8 28.
Ne2 Kg8 29. h4 Qxh4 30. Bxe6 fxe6 31. Nf4 Qg4 32. Nxg6 Kf7 33. Be3 Nf8 34. Nxf8
Rxf8 35. Rh1 a5 36. Bc1 Ke7 37. Ka2 a4 38. bxa4 bxa4 39. Bb2 Qe4 40. Qxe4 dxe4
41. Re1 Rf4 $6 ({I like} 41... Rf2 42. Rxe4 Bh6 43. Kb1 Rf1+ 44. Kc2 Rf2+ 45.
Kc3 Bf4 $11 {more. gefällt mir besser.}) 42. Re2 Bf8 $6 43. Bc1 Rg4 44. Kb2 Kf7
45. Kc3 Kg6 46. Kb4 Bh6 47. Bxh6 Kxh6 48. Ka5 $5 {A dramatic race follows.
White wins by a very small margin. Es folgt ein sehr spannendes Wettrennen,
dass Weiß um einen Wimpernschlag für sich entscheidet.} Kg5 49. Kb6 Kf4 50.
Kxc6 Kf3 51. Re1 Kf2 52. Rb1 e3 53. d5 exd5 54. Kxd5 e2 55. c6 Rg1 (55... Rg8
56. c7 e1=Q 57. Rxe1 Kxe1 58. Kd6 Kd2 59. e6 Kc3 60. Kd7 $18) 56. Rb2 Rd1+ 57.
Ke6 Rc1 58. Kd7 Rd1+ 59. Kc8 Rd3 60. e6 Rb3 61. Rxe2+ Kxe2 62. c7 Rxa3 63. e7
Re3 64. Kd7 Rd3+ 65. Ke6 Re3+ 66. Kd5 (66. Kd5 Rxe7 67. c8=Q Re3 68. Qc4+ $18)
1-0

[Event "Olympiad-31"]
[Site "Moscow"]
[Date "1994.12.10"]
[Round "9.1"]
[White "Nikolic, Predrag"]
[Black "Short, Nigel D"]
[Result "1-0"]
[WhiteElo "2655"]
[BlackElo "2655"]
[Annotator "Notkin,M"]
[PlyCount "105"]
[EventDate "1994.12.01"]
[EventType "team-swiss"]
[EventRounds "14"]
[EventCountry "RUS"]
[SourceTitle "CBM 045"]
[Source "ChessBase"]
[SourceDate "1995.04.01"]
[SourceVersion "1"]
[SourceVersionDate "1995.04.01"]
[SourceQuality "1"]
[WhiteTeam "Bosnia&Herzegovina"]
[BlackTeam "England"]
[WhiteTeamCountry "BIH"]
[BlackTeamCountry "ENG"]

1. d4 {Hecht Ftacnik} d5 2. c4 c6 3. Nc3 Nf6 4. e3 a6 5. Qc2 b5 6. b3 Bg4 7.
Nge2 Nbd7 (7... Bh5 8. Nf4 Bg6 9. Nxg6 hxg6 10. g3 Nbd7 11. Bg2 e6 12. O-O Be7
$14 {Ivanchuk,V-Bareev,E/Munchen/1994/0,5/21/}) 8. h3 (8. Ng3 {Ftacnik} e5 9.
h3 exd4 10. hxg4 dxc3 11. g5 {Nikolic,P-Short,N/London PCA/1994/}) 8... Bh5 9.
Nf4 Bg6 10. Nxg6 hxg6 11. Bb2 (11. Be2 e6 12. O-O Bd6 (12... Be7 $5 {Bareev/})
13. e4 b4 14. exd5 exd5 (14... cxd5 15. Na4 O-O $10) 15. Na4 O-O 16. Bf3 $16 {
Bareev,E-Shirov,A/Pardubice/1994/0,5/43/}) (11. Bd3 {Ftacnik} e5 $5) 11... e6 (
11... e5 {Ftacnik} 12. dxe5 Nxe5 13. Be2 $14) 12. Bd3 Be7 13. Ne2 (13. O-O Qc7
{/\g5|^/} (13... g5 $5 {Ftacnik /\ g4})) 13... Qa5+ 14. Bc3 Bb4 15. O-O Bxc3
16. Qxc3 (16. Nxc3 O-O 17. Rfc1 Rfc8 $10) 16... Qxc3 17. Nxc3 Ke7 18. Rfc1 Rhc8
19. Ne2 dxc4 (19... bxc4 20. bxc4 c5 21. Rab1 $14) (19... e5 $5 {Ftacnik} 20.
cxd5 cxd5 21. dxe5 Nxe5 $10) 20. bxc4 e5 21. Kf1 exd4 22. exd4 (22. Nxd4 $6 Nc5
23. Be2 b4 24. Nb3 Nfe4 $1) 22... Nb6 23. Ng1 $5 bxc4 (23... c5 24. dxc5 (24.
cxb5 c4) 24... Rxc5 25. cxb5 Rxc1+ 26. Rxc1 axb5 $10) 24. Bxc4 Nxc4 $6 (24...
c5 25. dxc5 Rxc5 26. Re1+ (26. Bb3 $14 {Ftacnik}) 26... Kf8 27. Bb3 a5 $10) 25.
Rxc4 Nd5 26. Nf3 f6 $2 (26... Rc7 $5 $14) 27. Re1+ Kd7 28. Nd2 Nc7 (28... Rab8
$14 {Ftacnik}) 29. Nb3 Rab8 (29... Ne6 30. Rc3 {/\Rce3/}) 30. Rc3 Re8 (30...
Nd5 31. Nc5+ Kd6 32. Re6+ Kc7 33. Nxa6+ $16) 31. Rec1 Rb6 32. h4 (32. Rg3 g5
33. h4 $2 Rh8 $1 34. hxg5 Rxb3 $19) (32. Nc5+ Kd8 33. Na4 Rb4 34. Rxc6 Rxa4 35.
Rxc7 Rxa2 36. Rc8+ Kd7 37. R1c7+ Kd6 38. Rxe8 Kxc7 39. Re7+ Kd6 40. Rxg7 g5 $10
) 32... Rh8 (32... Nd5 {Ftacnik} 33. Rg3 $1) 33. g3 Nd5 34. R3c2 Re8 (34... Nb4
35. Nc5+ Kd8 36. Re2) (34... Rhb8 35. Kg2 $16) 35. Nc5+ Kd8 (35... Kd6 {Ftacnik
} 36. Na4 Rb4 37. Rxc6+ $16) 36. a3 a5 37. Na4 Rb3 38. Rxc6 Rxa3 39. R6c5 (39.
Nc5 {Ftacnik} Ke7 40. Rb1 Kf7 $13) 39... Ke7 40. Rxd5 Rxa4 41. Rc7+ Ke6 42.
Rdd7 Kf5 (42... Rg8 $5 {Hecht} 43. g4 $5 g5 44. h5 (44. Re7+ Kd5 45. hxg5 (45.
Rcd7+ Kc4 46. hxg5 fxg5 47. Rxg7 Rxg7 48. Rxg7 Ra1+ 49. Kg2 a4 50. Rxg5 a3 51.
Ra5 a2 52. g5 Kb3 53. g6 Rc1 54. f4 a1=Q 55. Rxa1 Rxa1 56. f5 Ra8 57. f6 Rg8
58. g7 Kc4 59. Kf3 Kd5 60. f7 $18) 45... fxg5 46. Rxg7 Rxg7 47. Rxg7 Ke4 $132)
44... g6 45. h6 Rb4 $13 {Analyse!} 46. h7 Rh8 47. Rg7 Rxd4) 43. Rc5+ Ke4 (43...
Ke6 44. Rxg7 Rxd4 45. Rxa5 Rg4 46. Kg2 $18) 44. Rxg7 Kxd4 45. Rc1 Rf8 (45...
Ra2 46. Rd7+ $18 (46. Rd7+ {Ftacnik} Ke5 47. Re1+ $18)) 46. Rxg6 Ke5 47. Rg7 f5
48. Kg2 Ra2 (48... f4 49. g4 f3+ 50. Kg3) (48... Rd4 {Hecht} 49. Rc5+ Rd5 50.
Rxd5+ Kxd5 51. Ra7 $18) 49. Rd7 $1 a4 (49... Ke6 $32) (49... Ke6 $16 {Ftacnik})
50. Re1+ Kf6 51. Rde7 Kg6 $8 (51... Rf7 {Ftacnik} 52. R7e6+ Kg7 53. Ra6 Kh7 54.
Ree6 $18) 52. R1e6+ Rf6 53. h5+ (53. h5+ Kg5 54. Rg7+ Kh6 55. Rxf6+ Kxg7 56.
Rxf5 $18) 1-0